000 00576nam a2200241Ia 4500
003 OSt
005 20221005133139.0
006 a|||||r|||| 00| 0
007 ta
008 221004b |||||||| |||| 00| 0 guj d
024 _a40688
037 _cTextual
040 _aCRL
_cCRL
_bguj
041 _2guj
_aguj
082 _aO156,3NPT,2, K6
100 _aPathak
245 0 _aVirat tapankoo
260 _c1970
300 _a287p.
_ccm.
650 _aGUJRATI LITERATURE
942 _hO156,3NPT,2, K6
_cTEXL
_2cc
999 _c1065881
_d1065881